| 000 | 00659nam a22002297a 4500 | ||
|---|---|---|---|
| 001 | BR9405343 | ||
| 003 | BR-BrBNA | ||
| 005 | 20230928094310.0 | ||
| 007 | ta | ||
| 008 | 230509b bl.||||| |||| 00| 0 por d | ||
| 040 |
_aBR-BrBNA _bpor _cBiblioteca Nacional de Agricultura |
||
| 041 | _a(Eng) | ||
| 072 | _aA50 | ||
| 090 | _ A50 BR9405343 | ||
| 110 | 1 |
_aOEA, Brasilia, DF (Brasil) _97687 |
|
| 245 | 1 | _aPlano indicativo pesquisa associada com pastagem e topicos relacionados (Estados Unidos) | |
| 260 | 3 |
_aBrasilia, DF (Brasil): _c1977. |
|
| 300 | _a600 p. | ||
| 650 | _aPlanejamento de Pesquisa | ||
| 909 |
_a202309 _bLucia _c55 _dLucia Elande |
||
| 942 | _cBK | ||
| 999 |
_c49931 _d49931 |
||